Statistics for Top 20 Most Populous Countries in Asia

Click here to take the quiz!

General Stats

  • This quiz has been taken 35 times
    (5 since last reset)
  • The average score is 19 of 20

Answer Stats

PopulationAnswerRank% Correct
42 MAfghanistan36th
100%
172 MBangladesh8th
100%
1.4 BChina2nd
100%
1.4 BIndia1st
100%
277 MIndonesia4th
100%
89 MIran17th
100%
45 MIraq35th
100%
123 MJapan12th
100%
34 MMalaysia46th
100%
54 MMyanmar27th
100%
240 MPakistan5th
100%
117 MPhilippines13th
100%
36 MSaudi Arabia40th
100%
51 MSouth Korea29th
100%
71 MThailand20th
100%
85 MTurkey18th
100%
35 MUzbekistan43rd
100%
98 MVietnam16th
100%
34 MYemen44th
80%
30 MNepal49th
60%

Score Distribution

Percentile by Number Answered

Percent of People with Each Score

Your Score History

You have not taken this quiz since the last reset